Experience of literature: A reader with commentaries fiction (Record no. 73539)

MARC details
000 -LEADER
fixed length control field 00393nam a2200145Ia 4500
008 - FIXED-LENGTH DATA ELEMENTS--GENERAL INFORMATION
fixed length control field 230917s9999||||xx |||||||||||||| ||und||
040 ## - CATALOGING SOURCE
-- 58016
Original cataloging agency VIVEKANANDA LIBRARY
041 ## - Language
-- English
082 ## - DDC NUMBER
Classification number 823.08 T735E
100 ## - MAIN ENTRY--PERSONAL NAME
Personal name Trilling, Lionel
245 #0 - TITLE STATEMENT
Title Experience of literature: A reader with commentaries fiction
260 ## - PUBLICATION, DISTRIBUTION, ETC. (IMPRINT)
Place of publication, distribution, etc New York
Name of publisher, distributor, etc Holt, Rinehart
Date of publication, distribution, etc 1967
300 ## - PHYSICAL DESCRIPTION
Pages xii, 387 p.
942 ## - ADDED ENTRY ELEMENTS (KOHA)
Koha item type Books
Holdings
Withdrawn status Lost status Damaged status Not for loan Location (home branch) Sublocation or collection (holding branch) Date acquired Koha issues (times borrowed) Koha full call number Accession No. Koha date last seen Koha item type
        VIVEKANANDA LIBRARY VIVEKANANDA LIBRARY 27/12/2002   823.08 T735E 14785 17/09/2023 Books
© Designed and Maintained by Vivekananda Library, MDU Rohtak